[Event "Titled Tuesday intern op 21st April"]
[Site "Chess.com INT"]
[Date "2020.04.21"]
[Round "3"]
[White "Soza, Fernando"]
[Black "Nandigani, Krishnateja"]
[Result "1-0"]
[WhiteElo "1858"]
[BlackElo "2546"]
[PlyCount "101"]
[EventDate "2020.04.21"]
[EventType "swiss (blitz)"]
[EventRounds "10"]
[EventCountry "USA"]
[SourceTitle "EXT 2021"]
[Source "ChessBase"]
[SourceDate "2020.10.23"]
[SourceVersion "1"]
[SourceVersionDate "2020.10.23"]
[SourceQuality "1"]

1. e4 e5 2. Nf3 Nc6 3. Bb5 a6 4. Ba4 Nf6 5. 0-0 Be7 6. d3 b5 7. Bb3 0-0 8. Nbd2 d5 9. exd5 Nxd5 10. Re1 f6 11. a4 b4 12. d4 exd4 13. h3 Kh8 14. Ne4 Nb6 15. a5 Nd7 16. Nxd4 Nxd4 17. Qxd4 Ne5 18. Be3 Bb7 19. Nc5 Bxc5 20. Qxc5 Rb8 21. Rad1 Qc8 22. Bf4 Qf5 23. Bxe5 fxe5 24. Rxe5 Qg6 25. Rg5 Qf6 26. Rd7 g6 27. Re5 Rbe8 28. Rde7 Rd8 29. Re1 Rd2 30. R7e2 Rd7 31. Re5 Rd6 32. R5e2 Rc6 33. Qxb4 Qg5 34. Qxb7 Rcf6 35. Qe4 h5 36. Qe3 Qf5 37. Qg3 Kg7 38. Re7+ Kh6 39. Rxc7 g5 40. Ree7 h4 41. Qe3 Rh8 42. Rg7 Kh5 43. Rgf7 Rxf7 44. Rxf7 Qg6 45. Qf3+ Kh6 46. Rf6 Rg8 47. Rxg6+ Rxg6 48. c3 Rg7 49. Bc2 Rf7 50. Qxf7 g4 51. Qg6# 1-0

[Event "Buenos Aires Szmetan Giardelli op"]
[Site "Buenos Aires"]
[Date "2018.12.04"]
[Round "1"]
[White "Soza, Fernando"]
[Black "Garcia, Raimundo"]
[Result "0-1"]
[WhiteElo "1842"]
[BlackElo "2255"]
[PlyCount "104"]
[EventDate "2018.12.04"]
[EventType "swiss"]
[EventRounds "9"]
[EventCountry "ARG"]
[SourceTitle "CBM 187 Extra"]
[Source "ChessBase"]
[SourceDate "2018.11.04"]
[SourceVersion "1"]
[SourceVersionDate "2018.11.04"]
[SourceQuality "1"]

1. e4 c5 2. Nf3 e6 3. Nc3 a6 4. g3 b5 5. Bg2 Bb7 6. Qe2 Nc6 7. 0-0 d6 8. d3 Nf6 9. a4 b4 10. Nd1 Be7 11. b3 0-0 12. Bb2 Nd7 13. Ne3 Bf6 14. Bxf6 Nxf6 15. Rfe1 Re8 16. Rad1 Qc7 17. h4 Rad8 18. Qd2 a5 19. Nf1 Nd4 20. N1h2 e5 21. c3 bxc3 22. Qxc3 Qb6 23. Rb1 Ba6 24. Nd2 Qb4 25. Qxb4 cxb4 26. Nc4 Bxc4 27. dxc4 Nd7 28. Nf3 Nc6 29. Rbd1 Nc5 30. Re3 g6 31. Bh3 Rf8 32. g4 Kg7 33. Rd5 h6 34. g5 Rh8 35. Kg2 hxg5 36. hxg5 Kf8 37. Kg3 Ke7 38. Kg2 Rdf8 39. Kg3 f6 40. gxf6+ Rxf6 41. Kg2 Rf4 42. Nd2 Rh6 43. Kg3 Nd4 44. f3 Rfh4 45. Bg2 Nde6 46. Nf1 Nf4 47. Rd2 R4h5 48. Kf2 Rg5 49. Ng3 Nce6 50. Re1 Nxg2 51. Kxg2 Nf4+ 52. Kf2 Rh2+ 0-1

[Event "Villa Martelli Jose Rubinstein op 18th"]
[Site "Villa Martelli"]
[Date "2017.11.19"]
[Round "4.7"]
[White "Soza, Fernando"]
[Black "Fuentes, Diego"]
[Result "1-0"]
[WhiteElo "1960"]
[BlackElo "1564"]
[PlyCount "43"]
[EventDate "2017.11.17"]
[EventType "swiss"]
[EventRounds "7"]
[EventCountry "ARG"]
[SourceTitle "EXT 2024"]
[Source "ChessBase"]
[SourceDate "2023.10.10"]
[SourceVersion "1"]
[SourceVersionDate "2023.10.10"]
[SourceQuality "1"]

1. e4 e5 2. Nf3 Nc6 3. Bb5 a6 4. Ba4 Nf6 5. 0-0 Be7 6. Re1 b5 7. Bb3 0-0 8. c3 d5 9. exd5 Nxd5 10. Nxe5 Nxe5 11. Rxe5 c6 12. d4 Bd6 13. Re1 Qh4 14. g3 Qh3 15. Qf3 Bg4 16. Qg2 Qh5 17. Bxd5 cxd5 18. Be3 f5 19. Qxd5+ Kh8 20. Qxd6 Qh3 21. Nd2 g5 22. Bxg5 1-0